000 00399nam a2200181Ia 4500
008 221030s9999 xx 000 0 und d
020 _a0074622641
041 _aEnglish
082 _a105.23
_bMon
100 _aA. Monappa
245 0 _aPersonnel Management
250 _a2nd
260 _bTMH
_aNew Delhi
_c2004
300 _a416
650 _aManagement
700 _aM. Saiyadain
942 _cBK
999 _c318
_d318